000
00339pam a2200157a 44500
008
230515b1999 xxu||||| |||| 00| 0 eng d
020
_a
0-5689423-6
041
_a
ENG
082
_a
720.92
100
_a
COSTANTINO M.
245
_a
FRANK LLOYD WRIGHT.
250
_a
0
260
_a
NULL
_b
NULL
_c
1999
300
_a
112
650
_a
NULL
999
_c
475163
_d
475163